Úloha zahraničního obchodu Transformace zemí střední Evropy

Zahraničný obchod krajín strednej Európy po páde socializmu v r. 1989. Zmena orientácie zahraničného obchodu. Otváranie sa národných ekonomík vonkajšiemu svetu. Dôsledky liberalizácie zahraničného obchodu. Prístup krajín strednej a východnej Európy na západné trhy - bariéry.

Gespeichert in:
Bibliographische Detailangaben
1. Verfasser: Kleer, J.
Format: Buchkapitel
Sprache:Tschechisch
Schlagworte:
Tags: Tag hinzufügen
Keine Tags, Fügen Sie das erste Tag hinzu!

MARC

LEADER 00000naa a2200000 4500
001 r015654
005 20221205090042.1
041 0 |a cze 
044 |a CZ 
245 1 0 |a Úloha zahraničního obchodu  |b Transformace zemí střední Evropy  |c J. Kleer 
520 |a Zahraničný obchod krajín strednej Európy po páde socializmu v r. 1989. Zmena orientácie zahraničného obchodu. Otváranie sa národných ekonomík vonkajšiemu svetu. Dôsledky liberalizácie zahraničného obchodu. Prístup krajín strednej a východnej Európy na západné trhy - bariéry. 
610 2 0 |a obchod zahraničný 
610 2 0 |a stredná Európa 
610 2 0 |a východná Európa 
610 2 0 |a bariéry obchodu zahraničného 
100 1 |a Kleer, J.